[Event "Klaipeda-ch"]
[Site "Klaipeda"]
[Date "2020.03.14"]
[Round "10"]
[White "Pidluznij, Gleb"]
[Black "Ionin, Ilja"]
[Result "1-0"]
[WhiteElo "2036"]
[BlackElo "1503"]
[PlyCount "43"]
[EventDate "2020.01.19"]
[EventType "tourn"]
[EventRounds "11"]
[EventCountry "LTU"]
[SourceTitle "CBM 195 Extra"]
[Source "ChessBase"]
[SourceDate "2020.05.31"]
[SourceVersion "1"]
[SourceVersionDate "2020.05.31"]
[SourceQuality "1"]

1. d4 Nf6 2. Bf4 e6 3. e3 b6 4. h3 Bb7 5. Nf3 Be7 6. c3 0-0 7. Nbd2 Ne4 8. Nxe4 Bxe4 9. Bd3 Bb7 10. e4 c5 11. 0-0 cxd4 12. cxd4 d5 13. e5 f6 14. exf6 Bxf6 15. Qc2 h6 16. Ne5 Bxe5 17. Bxe5 Nc6 18. Rfe1 Kh8 19. Qd2 Qe7 20. Qxh6+ Kg8 21. Qh7+ Kf7 22. Bg6# 1-0

[Event "Klaipeda-ch"]
[Site "Klaipeda"]
[Date "2020.02.09"]
[Round "5"]
[White "Ionin, Ilja"]
[Black "Borisovaite, Ana"]
[Result "1-0"]
[WhiteElo "1503"]
[BlackElo "1375"]
[PlyCount "65"]
[EventDate "2020.01.19"]
[EventType "tourn"]
[EventRounds "11"]
[EventCountry "LTU"]
[SourceTitle "CBM 195 Extra"]
[Source "ChessBase"]
[SourceDate "2020.05.31"]
[SourceVersion "1"]
[SourceVersionDate "2020.05.31"]
[SourceQuality "1"]

1. c4 e5 2. g3 Nf6 3. Bg2 c6 4. Nc3 d5 5. cxd5 Nxd5 6. e3 Be6 7. Nge2 Be7 8. d4 Nxc3 9. bxc3 Nd7 10. 0-0 0-0 11. Qc2 Qc7 12. f4 f6 13. f5 Bc4 14. Rf2 Nb6 15. e4 Rad8 16. Be3 Bf7 17. Raf1 Nc4 18. Bc1 Ba3 19. h4 Bxc1 20. Qxc1 Qa5 21. g4 h6 22. g5 Be8 23. gxh6 Kh7 24. hxg7 Kxg7 25. Bf3 Rh8 26. h5 Bxh5 27. Rg2+ Kf7 28. Qd1 Ne3 29. Bxh5+ Rxh5 30. Qb3+ Kf8 31. Qg8+ Ke7 32. Qe6+ Kf8 33. Rg8# 1-0

[Event "Klaipeda Sea op-C 16th"]
[Site "Klaipeda"]
[Date "2019.07.26"]
[Round "7"]
[White "Remeika, Vytautas"]
[Black "Ionin, Ilja"]
[Result "0-1"]
[WhiteElo "1478"]
[BlackElo "1506"]
[PlyCount "156"]
[EventDate "2019.07.23"]
[EventType "swiss"]
[EventRounds "7"]
[EventCountry "LTU"]
[SourceTitle "CBM 195 Extra"]
[Source "ChessBase"]
[SourceDate "2020.05.31"]
[SourceVersion "1"]
[SourceVersionDate "2020.05.31"]
[SourceQuality "1"]

1. e4 Nf6 2. e5 Nd5 3. c4 Nb6 4. d4 d6 5. f4 Nc6 6. Be3 Bf5 7. Bd3 Bxd3 8. Qxd3 dxe5 9. d5 exf4 10. Bxf4 e5 11. Be3 Nb4 12. Qe4 Qf6 13. Nf3 Nd7 14. a3 Na6 15. b4 Qg6 16. Nbd2 f5 17. Qc2 Be7 18. 0-0-0 0-0 19. g3 c6 20. dxc6 Qxc6 21. b5 Bxa3+ 22. Kb1 Qc7 23. bxa6 bxa6 24. Nb3 Rab8 25. Ka2 Bb4 26. Rd5 e4 27. Bf4 Qb7 28. Bxb8 Nxb8 29. Nfd4 g6 30. Rd1 Kf7 31. Nxf5 gxf5 32. Rxf5+ Kg7 33. Rxf8 Kxf8 34. Rd4 e3 35. Rf4+ Kg8 36. Qe4 Qb6 37. Qd5+ Kg7 38. Qf7+ Kh8 39. Qf6+ Qxf6 40. Rxf6 e2 41. Re6 e1Q 42. Rxe1 Bxe1 43. c5 Nc6 44. Kb2 Bf2 45. Kc3 a5 46. Kc4 a4 47. Nc1 a6 48. Na2 Kg7 49. Kd5 Na7 50. c6 Bb6 51. Kd6 Nb5+ 52. Kd7 Kf7 53. Nb4 a5 54. Na2 Kf6 55. c7 Nxc7 56. Kc6 Na8 57. Kb7 Bg1 58. h3 Nb6 59. Ka6 Nc4 60. Kb5 Nb2 61. Kxa5 Bf2 62. g4 Kg5 63. Kb4 Bd4 64. Nc1 Be5 65. Kc5 Kf4 66. Kd5 Bg7 67. Ke6 Bh6 68. Ne2+ Ke3 69. Nc3 Kf3 70. Kf5 a3 71. g5 Bg7 72. Na2 Kg3 73. Nb4 Kxh3 74. Kf4 Bc3 75. Na2 Bd2+ 76. Kf5 Kh4 77. g6 hxg6+ 78. Kxg6 Kg4 0-1

[Event "LTU-ch sf"]
[Site "Klaipeda"]
[Date "2018.09.30"]
[Round "3"]
[White "Ionin, Ilja"]
[Black "Pidluznij, Gleb"]
[Result "0-1"]
[WhiteElo "1442"]
[BlackElo "1878"]
[PlyCount "68"]
[EventDate "2018.09.23"]
[EventType "swiss"]
[EventRounds "9"]
[EventCountry "LTU"]
[SourceTitle "CBM 187 Extra"]
[Source "ChessBase"]
[SourceDate "2018.11.04"]
[SourceVersion "1"]
[SourceVersionDate "2018.11.04"]
[SourceQuality "1"]

1. b3 d5 2. Bb2 c5 3. e3 Nc6 4. Bb5 Qc7 5. f4 a6 6. Bxc6+ Qxc6 7. Nf3 Nf6 8. Nc3 g6 9. 0-0 Bg7 10. Ne5 Qd6 11. d4 Qc7 12. Qf3 Be6 13. dxc5 Qxc5 14. Rfd1 0-0 15. Rd2 Ng4 16. Nxg4 Bxc3 17. Bxc3 Qxc3 18. Rad1 Bxg4 19. Qxg4 Qxe3+ 20. Kf1 e6 21. Re2 Qc3 22. Qh4 Rac8 23. Rd3 Qg7 24. f5 exf5 25. Rxd5 Qa1+ 26. Kf2 Qxa2 27. c4 Qxb3 28. Qf6 Rc6 29. Qe7 Qxc4 30. Ree5 Qf4+ 31. Ke2 Rc2+ 32. Kd3 Rd2+ 33. Kc3 Rxd5 34. Rxd5 Rc8+ 0-1

[Event "Vilnius Boksto op"]
[Site "Vilnius"]
[Date "2018.05.06"]
[Round "7"]
[White "Ionin, Ilja"]
[Black "Lukosiunas, Vakaris"]
[Result "0-1"]
[WhiteElo "1450"]
[BlackElo "1003"]
[PlyCount "66"]
[EventDate "2018.04.08"]
[EventType "swiss"]
[EventRounds "7"]
[EventCountry "LTU"]
[SourceTitle "CBM 184 Extra"]
[Source "ChessBase"]
[SourceDate "2018.06.28"]
[SourceVersion "1"]
[SourceVersionDate "2018.06.28"]
[SourceQuality "1"]

1. c4 e5 2. g3 Nc6 3. Bg2 Be7 4. Nc3 Nf6 5. Nf3 d6 6. d3 h6 7. Bd2 Be6 8. Qc2 Qd7 9. h3 a6 10. 0-0-0 0-0-0 11. Kb1 d5 12. Na4 Bb4 13. a3 Bxd2 14. Nxd2 Nd4 15. Nc5 Qe7 16. Qa4 Qxc5 17. Rde1 Bd7 18. Qd1 Qa5 19. Qc1 Bc6 20. cxd5 Bxd5 21. Bxd5 Rxd5 22. Nc4 Qb5 23. e3 Ne6 24. Qc2 Qc6 25. Rc1 Rc5 26. Qd2 Nd7 27. Qb4 Qb5 28. Qd2 Nb6 29. b4 Nxc4 30. dxc4 Rxc4 31. Qb2 Rxc1+ 32. Rxc1 Qd3+ 33. Ka1 Rd8 0-1

[Event "Vilnius Boksto op"]
[Site "Vilnius"]
[Date "2018.04.29"]
[Round "5"]
[White "Ionin, Ilja"]
[Black "Piksrys, Rutenis"]
[Result "1/2-1/2"]
[WhiteElo "1450"]
[BlackElo "1543"]
[PlyCount "83"]
[EventDate "2018.04.08"]
[EventType "swiss"]
[EventRounds "7"]
[EventCountry "LTU"]
[SourceTitle "CBM 184 Extra"]
[Source "ChessBase"]
[SourceDate "2018.06.28"]
[SourceVersion "1"]
[SourceVersionDate "2018.06.28"]
[SourceQuality "1"]

1. c4 b6 2. g3 Bb7 3. Nf3 d6 4. Bg2 e6 5. d4 Nd7 6. Nc3 g6 7. e4 Ne7 8. Be3 Bg7 9. Qd2 h6 10. 0-0-0 a6 11. d5 e5 12. Nh4 g5 13. Nf5 Nxf5 14. exf5 Nf6 15. h3 g4 16. Ne4 gxh3 17. Nxf6+ Qxf6 18. Be4 b5 19. Qb4 Bc8 20. g4 Bd7 21. c5 a5 22. Qc3 Qh4 23. Rdg1 h5 24. c6 Bc8 25. f3 hxg4 26. Rxg4 Qf6 27. Bg5 Bh6 28. Bxh6 Qxh6+ 29. Qd2 Qxd2+ 30. Kxd2 Ke7 31. Rg3 Kf6 32. Rgxh3 Rxh3 33. Rxh3 Bxf5 34. Rh2 Rg8 35. Ke3 b4 36. b3 Bc8 37. Rh6+ Ke7 38. Kf2 f5 39. Bd3 f4 40. Rh7+ Kd8 41. Rh6 Rf8 42. Rh5 1/2-1/2

[Event "LTU-chT"]
[Site "Lithuania"]
[Date "2018.04.15"]
[Round "7.3"]
[White "Ionin, Ilja"]
[Black "Jaskunaite, Auguste"]
[Result "1-0"]
[WhiteElo "1333"]
[BlackElo "1135"]
[PlyCount "77"]
[EventDate "2018.01.27"]
[EventType "team-swiss"]
[EventRounds "7"]
[EventCountry "LTU"]
[SourceTitle "EXT 2019"]
[Source "ChessBase"]
[SourceDate "2018.10.10"]
[SourceVersion "1"]
[SourceVersionDate "2018.10.10"]
[SourceQuality "1"]
[WhiteTeam "Klaipeda Teisingumo"]
[BlackTeam "Marijampole Suduvos Ateitis"]
[WhiteTeamCountry "LTU"]
[BlackTeamCountry "LTU"]

1. c4 Nf6 2. g3 c6 3. Bg2 d5 4. cxd5 cxd5 5. Nc3 e6 6. d3 Bb4 7. Bd2 0-0 8. Nf3 Nc6 9. a3 Bc5 10. Rc1 Bd7 11. 0-0 Re8 12. Bg5 Rb8 13. Nxd5 Bxf2+ 14. Rxf2 exd5 15. Qf1 h6 16. Bh4 Qb6 17. Bxf6 gxf6 18. Nh4 Ne5 19. Kh1 Ng4 20. Rf4 Qxb2 21. Re1 Ne3 22. Qf2 Nxg2 23. Qxg2 Re3 24. Nf5 Re6 25. Rg4+ Kf8 26. Nxh6 Ke7 27. Nf5+ Kd8 28. Qxd5 Kc7 29. Nd4 Re7 30. Qc5+ Kd8 31. Qd5 Kc7 32. Qc5+ Kd8 33. Qd6 Rc8 34. Rg8+ Re8 35. Qxf6+ Kc7 36. Rxe8 Bc6+ 37. e4 Qa2 38. Qe7+ Kb8 39. Qd6+ 1-0

[Event "Klaipeda-ch sf"]
[Site "Klaipeda"]
[Date "2017.10.01"]
[Round "4"]
[White "Januseviciute, Donata"]
[Black "Ionin, Ilja"]
[Result "1-0"]
[WhiteElo "1604"]
[BlackElo "1288"]
[PlyCount "105"]
[EventDate "2017.09.17"]
[EventType "swiss"]
[EventRounds "9"]
[EventCountry "LTU"]
[SourceTitle "EXT 2019"]
[Source "ChessBase"]
[SourceDate "2018.10.10"]
[SourceVersion "1"]
[SourceVersionDate "2018.10.10"]
[SourceQuality "1"]

1. d4 Nf6 2. c4 e6 3. Nf3 Ne4 4. a3 b6 5. Qc2 f5 6. Nc3 Bb7 7. Bf4 Be7 8. d5 exd5 9. cxd5 Nxc3 10. Qxc3 Bxd5 11. Bxc7 Bf6 12. Bxd8 Bxc3+ 13. bxc3 Kxd8 14. Nd4 f4 15. h4 Re8 16. Kd2 Nc6 17. Rh3 Na5 18. e3 Re4 19. Rb1 fxe3+ 20. fxe3 Rg4 21. g3 Rc8 22. Rb4 Nc4+ 23. Bxc4 Bxc4 24. Nf5 Rc5 25. Nd4 Bf1 26. Rh1 Bg2 27. Rg1 Rxg3 28. Ne2 Rd5+ 29. Rd4 Rxd4+ 30. cxd4 Rg4 31. Nf4 Bf3 32. Rxg4 Bxg4 33. e4 Be6 34. d5 Bf7 35. e5 Kc7 36. Kc3 g6 37. Kd4 d6 38. e6 Be8 39. Nh3 h6 40. Nf2 g5 41. hxg5 hxg5 42. Ne4 g4 43. Nf6 Kd8 44. Nxg4 Ke7 45. Ne3 Bg6 46. Nc4 Bc2 47. Kc3 Be4 48. Ne3 Bb1 49. Kb4 Bd3 50. Nd1 Bc2 51. Nc3 Bd3 52. Kb3 Bf5 53. Nb5 1-0

[Event "Klaipeda-ch sf"]
[Site "Klaipeda"]
[Date "2017.09.17"]
[Round "1"]
[White "Ionin, Ilja"]
[Black "Pakalniskis, Romas"]
[Result "0-1"]
[WhiteElo "1288"]
[BlackElo "1771"]
[PlyCount "52"]
[EventDate "2017.09.17"]
[EventType "swiss"]
[EventRounds "9"]
[EventCountry "LTU"]
[SourceTitle "EXT 2019"]
[Source "ChessBase"]
[SourceDate "2018.10.10"]
[SourceVersion "1"]
[SourceVersionDate "2018.10.10"]
[SourceQuality "1"]

1. c4 e5 2. g3 Nf6 3. Bg2 Nc6 4. Nc3 Bb4 5. d3 0-0 6. Nf3 d6 7. 0-0 Bxc3 8. bxc3 Bg4 9. Qc2 Re8 10. d4 e4 11. Ng5 Bf5 12. e3 Qd7 13. g4 Bg6 14. Nh3 Qxg4 15. Nf4 Bf5 16. Kh1 Qh4 17. Rg1 g5 18. Nd5 Ng4 19. h3 Nh6 20. Nf6+ Kh8 21. Nxe8 Rxe8 22. Kh2 g4 23. Rh1 gxh3 24. Bf1 Ng4+ 25. Kg1 h2+ 26. Kg2 Rg8 0-1

[Event "Klaipeda Sea op-B 14th"]
[Site "Klaipeda"]
[Date "2017.07.26"]
[Round "3"]
[White "Rackauskas, Karolis"]
[Black "Ionin, Ilja"]
[Result "1-0"]
[WhiteElo "1462"]
[BlackElo "1306"]
[PlyCount "49"]
[EventDate "2017.07.25"]
[EventType "swiss"]
[EventRounds "7"]
[EventCountry "LTU"]
[SourceTitle "CBM 179 Extra"]
[Source "ChessBase"]
[SourceDate "2017.08.23"]
[SourceVersion "1"]
[SourceVersionDate "2017.08.23"]
[SourceQuality "1"]

1. e4 e5 2. Nf3 Nc6 3. Bc4 Bc5 4. c3 Nf6 5. d4 exd4 6. cxd4 Bb6 7. e5 Qe7 8. 0-0 Ng8 9. b3 h6 10. Ba3 d6 11. Re1 Be6 12. d5 Nxe5 13. dxe6 Nxf3+ 14. Qxf3 0-0-0 15. Nd2 f5 16. Ba6 c5 17. Bf1 g5 18. Bb2 Nf6 19. Bxf6 Qxf6 20. Bb5 a6 21. Nc4 Kc7 22. Nxb6 Kxb6 23. Bd7 Kc7 24. Rad1 Rh7 25. Qd5 1-0

[Event "Vilnius Boksto op"]
[Site "Vilnius"]
[Date "2017.05.14"]
[Round "5"]
[White "Ionin, Ilja"]
[Black "Piksrys, Rutenis"]
[Result "1/2-1/2"]
[WhiteElo "1295"]
[BlackElo "1547"]
[PlyCount "93"]
[EventDate "2017.04.30"]
[EventType "swiss"]
[EventRounds "8"]
[EventCountry "LTU"]
[SourceTitle "CBM 178 Extra"]
[Source "ChessBase"]
[SourceDate "2017.06.22"]
[SourceVersion "1"]
[SourceVersionDate "2017.06.22"]
[SourceQuality "1"]

1. c4 Nf6 2. g3 c5 3. Bg2 Nc6 4. Nc3 g6 5. d3 Bg7 6. Bg5 a6 7. Nf3 Rb8 8. Qd2 h6 9. Bf4 d6 10. e4 g5 11. Be3 Ng4 12. h4 Nxe3 13. Qxe3 g4 14. Nh2 h5 15. 0-0 Nd4 16. Rab1 b5 17. cxb5 axb5 18. f4 Bd7 19. f5 Nxf5 20. Qe1 Bd4+ 21. Kh1 Ne3 22. Rf4 e5 23. Rf2 b4 24. Nd1 Nxd1 25. Rxd1 Bxf2 26. Qxf2 0-0 27. Nf1 Be6 28. b3 Ra8 29. Ne3 Ra7 30. Nf5 Qf6 31. Rf1 Rfa8 32. Qe3 Kh7 33. Nxd6 Qe7 34. Nf5 Qf8 35. Qg5 Bxf5 36. exf5 Qh6 37. Qxh6+ Kxh6 38. Bxa8 Rxa8 39. Rc1 Ra5 40. Rc2 Kg7 41. Rf2 Kf6 42. Kg1 Ra7 43. Kf1 Ke7 44. Rc2 Kd6 45. Ke2 Kd5 46. Ke3 Re7 47. Rc4 1/2-1/2

[Event "Kaunas Naujametinis U16 op 46th"]
[Site "Kaunas"]
[Date "2017.01.04"]
[Round "6"]
[White "Ionin, Ilja"]
[Black "Viliusis, Neimantas"]
[Result "0-1"]
[WhiteElo "1405"]
[BlackElo "1097"]
[PlyCount "52"]
[EventDate "2017.01.02"]
[EventType "swiss"]
[EventRounds "6"]
[EventCountry "LTU"]
[SourceTitle "CBM 176 Extra"]
[Source "ChessBase"]
[SourceDate "2017.03.02"]
[SourceVersion "1"]
[SourceVersionDate "2017.03.02"]
[SourceQuality "1"]

1. c4 Nf6 2. g3 g6 3. Bg2 d5 4. cxd5 Nxd5 5. Nc3 Nxc3 6. bxc3 Bg7 7. d4 0-0 8. Nf3 c5 9. e3 Nc6 10. 0-0 Bg4 11. Qb3 Qc7 12. Ba3 b6 13. dxc5 bxc5 14. Bxc5 Rab8 15. Qa3 Rfc8 16. Rab1 Rxb1 17. Rxb1 Bxf3 18. Bxf3 Ne5 19. Bg2 Qxc5 20. Qa6 Qxc3 21. Qxa7 Qc2 22. Qb7 Nd3 23. Be4 Qxf2+ 24. Kh1 Rc2 25. Bg2 Ne1 26. Qa8+ Bf8 0-1

[Event "Kaunas Naujametinis U16 op 46th"]
[Site "Kaunas"]
[Date "2017.01.03"]
[Round "3"]
[White "Sukvietis, Airidas"]
[Black "Ionin, Ilja"]
[Result "1-0"]
[WhiteElo "1188"]
[BlackElo "1405"]
[PlyCount "137"]
[EventDate "2017.01.02"]
[EventType "swiss"]
[EventRounds "6"]
[EventCountry "LTU"]
[SourceTitle "CBM 176 Extra"]
[Source "ChessBase"]
[SourceDate "2017.03.02"]
[SourceVersion "1"]
[SourceVersionDate "2017.03.02"]
[SourceQuality "1"]

1. e4 e5 2. Nf3 Nc6 3. Bc4 Bc5 4. Nc3 Nf6 5. d3 h6 6. Be3 Bxe3 7. fxe3 d6 8. d4 Bg4 9. 0-0 0-0 10. h3 Bh5 11. Be2 Bg6 12. dxe5 dxe5 13. Bd3 Re8 14. Qe2 Qe7 15. Rad1 Rad8 16. Nd2 a6 17. a3 Rd6 18. Nf3 Nh5 19. Qe1 Nf6 20. Qf2 Nd7 21. Nh4 Rf6 22. Nxg6 Rxg6 23. Bc4 Rf8 24. Qd2 Nf6 25. Bd3 Rd8 26. Qe2 Qe6 27. Qf3 Nh7 28. Nd5 Ng5 29. Qf5 Qd6 30. h4 Nh7 31. Qxf7+ Kh8 32. Qxc7 Qxc7 33. Nxc7 Nf6 34. Nd5 Ng4 35. Be2 Rc8 36. Rf7 Rb8 37. Rdf1 Kg8 38. R1f3 h5 39. Ne7+ Nxe7 40. Rxe7 Rc8 41. Bd3 Rb6 42. b3 Rd6 43. Rxb7 Rg6 44. Rd7 Kh7 45. c4 Kg8 46. Be2 Rcc6 47. Rd8+ Kh7 48. Rd1 Rcd6 49. Rg3 Rxd1+ 50. Bxd1 Rd6 51. Bxg4 hxg4 52. Rxg4 Rd3 53. b4 Rxe3 54. a4 Rc3 55. c5 Rc4 56. Rg5 Rxe4 57. c6 Rc4 58. b5 axb5 59. axb5 Rc5 60. Rg3 Rxb5 61. Rc3 Rb8 62. Kf2 Kg6 63. g4 Rc8 64. Kf3 Kf6 65. Ke4 Ke6 66. h5 Rf8 67. c7 Rc8 68. g5 Kd7 69. Kxe5 1-0

[Event "Klaipeda New Year"]
[Site "Klaipeda"]
[Date "2016.12.27"]
[Round "2.7"]
[White "Jonaitis, Klaudijus"]
[Black "Ionin, Ilja"]
[Result "0-1"]
[WhiteElo "1136"]
[BlackElo "1405"]
[PlyCount "42"]
[EventDate "2016.12.26"]
[EventType "swiss"]
[EventRounds "5"]
[EventCountry "LTU"]
[SourceTitle "EXT 2024"]
[Source "ChessBase"]
[SourceDate "2023.10.10"]
[SourceVersion "1"]
[SourceVersionDate "2023.10.10"]
[SourceQuality "1"]

1. e4 e5 2. Nf3 Nc6 3. Nc3 Bc5 4. Bc4 Nf6 5. h3 d6 6. d3 h6 7. Bb5 Bd7 8. Qe2 0-0 9. Bxc6 Bxc6 10. a3 Qe7 11. Be3 Bxe3 12. Qxe3 Nh5 13. g3 f5 14. Nd5 Qf7 15. c4 fxe4 16. Nh4 exd3 17. Rf1 d2+ 18. Qxd2 Nxg3 19. Rg1 Ne4 20. Qxh6 Qxf2+ 21. Kd1 Qxg1+ 0-1